00295nam a2200109 a 4500008004100000050001900041100002300060245003000083246002300113260004000136350000900176120416s1979 ||||||||||||||||| || u aBF 575.S75 Gre aGreenwood, James W10aManaging executive stress aa systems approach aNew YorkbJohn Wiley and Sonsc1979 a0.00